Представление документа в формате MARC21

Поле Инд. ПП Название Значение
Тип записи a
Библиографический уровень s
001 Контрольный номер DU/576604128
005 Дата корректировки 20251008180547.7
008 Кодируемые данные 20180330
022 0_ a ISSN 0889-575Х
084 a Индекс другой классификации/Индекс ББК 30.10
090 a Полочн. индекс Сводное описание журнала
245 10 a Заглавие Законодательная и прикладная метрология
b Продолж. заглавия научно-технический журнал
c Ответственность учредитель: Всероссийский научно-исследовательский ин-т метрологической службы (ВНИИМС); гл. ред. Л. К. Исаев
246 03 a Другая форма заглавия ЗиПМ
260 a Место издания Москва
b Издательство РСК-Консалтинг
310 a Периодичность в н.в. 6 раз в год
362 1_ a Даты публикации или номер тома 2003 - 2020
500 a Примечание Журнал, основан в 2003 году
520 0_ a Аннотация Научно-технический журнал "Законодательная и прикладная метрология" предназначен для практиков-метрологов и всех тех, кто интересуется научными проблемами развития метрологии. За годы издания журнал стал своеобразной трибуной для обсуждения правовых основ метрологии, проблем метрологического обеспечения наукоемких технологий, задач метрологии энергоэффективной экономики, новых идей и решений в метрологии и в обеспечении единства измерений. Журнал поднимает проблемы практической метрологии, а зарубежные партнеры делятся опытом организации и проведения работ национальными и международными организациями. И в каждом номере - очерки об истории метрологии, консультации, реклама
540 a Правовые условия Бесплатный доступ с регистрацией
b Поставщик/Провайдер eLIBRARY
540 b Поставщик/Провайдер Библиотека
c Источник права электронная подписка
650 14 a Основная рубрика метрология; техника
856 40 u URL https://elibrary.ru/contents.asp?id=33820938
y Справочный текст Электронная версия
a Имя сервера/домена Научная электронная библиотека eLIBRARY.RU
d Путь http://elibrary.ru
i Указания/сценарий входа Доступ после регистрации на компьютерах университета
z Примечание для пользователя Архив 2003 - 2020 г.
900 a Имя электронного ресурса obl_zakonodanelnaya_i_prikladnaya_metrologia
x Справочная информация Обложка
901 t Тип документа u
952 a Тип литературы для КСУ ВШ НЖ
991 s 3